Wszystkie stacje Warszawskiego Metra - Statystyki

Ogólne statystyki
  • Ten quiz został rozwiązany 35 razy
  • Średni wynik to 28 z 38
Statystyki odpowiedzi
Odpowiedź % Poprawnych
21 Kabaty
100%
1 Młociny
95%
9 Świętokrzyska
95%
10 Centrum
90%
22 Bemowo
86%
39 Bródno
86%
7 Dworzec Gdański
86%
6 Plac Wilsona
86%
11 Politechnika
86%
8 Ratusz Arsenał
86%
27 Rondo Daszyńskiego
86%
15 Wilanowska
86%
30 Centrum Nauki Kopernik
81%
19 Imielin
81%
12 Pole Mokotowskie
81%
28 Rondo ONZ
81%
31 Stadion Narodowy
81%
3 Stare Bielany
81%
25 Księcia Janusza
76%
20 Natolin
76%
17 Ursynów
76%
5 Marymont
71%
18 Stokłosy
71%
2 Wawrzyszew
71%
29 Nowy Świat-Uniwersytet
67%
13 Racławicka
67%
32 Dworzec Wileński
62%
24 Płocka
62%
4 Słodowiec
62%
16 Służew
62%
34 Targówek Mieszkaniowy
62%
14 Wierzbno
62%
26 Młynów
57%
33 Szwedzka
57%
36 Trocka
57%
23 Ulrychów
57%
35 Zacisze
57%
37 Kondratowicza
38%
Nie znaleziono quizów pasujących do podanych kryteriów
Rozkład punktacji
Procent ludzi z każdym wynikiem
Percentyl według liczby udzielonych odpowiedzi
Twoja historia wyników
Nie rozwiązałeś tego quizu